| 000 | 00378nam a2200145Ia 4500 | ||
|---|---|---|---|
| 008 | 150201s2009 xx 000 0 und d | ||
| 082 |
_a1.42 _bR2009K |
||
| 100 | _aKOTHARI | ||
| 245 | _aRESEARCH METHODOLOGY | ||
| 250 | _a2ND | ||
| 260 |
_bNEW AGE INTERNATIONAL PUBLISHERS _aDELHI _c2009 |
||
| 300 | _a1-400 | ||
| 650 | _aPREVENTIVE AND COMMUNITY DENTISTRY | ||
| 942 |
_2ddc _cBK _03 |
||
| 999 |
_c4346 _d4346 |
||